000 00459nam a2200133 4500
999 _c13268
_d13268
008 190221b ||||| |||| 00| 0 eng d
082 _aDPer 050 T48 Apr-June 2016 v. 187, n. 12-24.
100 _937076
_aGregory, Sean
245 _aThe Obamacare quirk that is fueling the opioid epidemic/
_cSean Gregory
260 _aHong Kong:
_bTime Asia,
_cc2016.
300 _av187 n15, pages 17-18:
_billustrations;
_c27 cm.
650 _aHealth.
_937077
942 _2ddc
_cPER